| 000 | 00584nam a2200193 a 4500 | ||
|---|---|---|---|
| 005 | 20140412111305.0 | ||
| 008 | 000823s19uu xx 00 eng d | ||
| 020 | _a0-8332-2526-X | ||
| 050 |
_aM 428.6 _bM11 1986 |
||
| 100 | _aMatteoni, Louise | ||
| 245 |
_aEarly tide / _cLouise Matteoni, Floyd Sucher, Marvin Klein, Karen Welch. |
||
| 260 |
_aOklahoma City : _bThe Economy Comp, _c1986. |
||
| 300 | _a80 p. | ||
| 440 | _aEconomy Reading Series - Level D (PP2) | ||
| 650 | _aReading--Study and teaching | ||
| 650 | _aChildrens literature | ||
| 999 |
_c103637 _d103637 |
||